La muerte de Virgilio (Registro nro. 44823)

Detalles MARC
000 -ENCABEZADO
Número de control [NR] 00770nam a2200229Ia 4500
008 - DE LONGITUD FIJA DE DATOS DE ELEMENTOS - INFORMACIÓN GENERAL
Elementos de longitud fija [NR] 130821s2003 sp gr spa
020 ## - NUMERO INTERNACIONAL NORMALIZADO PARA LIBROS [R]
Número Internacional Normalizado del libro [NR] 7420643777
040 ## - FUENTE DE CATALOGACION [NR]
Agencia de catalogación original [NR] Co-BoUCM
Idioma de catalogación [NR] spa
041 00 - CODIGO DE IDIOMA [R]
Código de idioma para texto/pista de sonido o título separado [R] Español
100 1# - ASIENTO PRINCIPAL--NOMBRE PERSONAL [NR]
Nombre personal [NR] Broch, Hermann.
Fechas asociadas con el nombre [NR] 1928-1951.
ID Autoridad 161673
245 13 - MENCION DE TITULO [NR]
Título [NR] La muerte de Virgilio
Mención de responsabilidad, etc. [NR] Hermann Broch; traducción de A. Gregori
260 ## - PUBLICACION, DISTRIBUCION, ETC. (PIE DE IMPRENTA) [R]
Lugar de publicación, distribución, etc. [R] Madrid (España)
Nombre del editor, distribuidor, etc. [R] Alianza Editorial
Fecha de publicación, distribución, etc. [R] 2003
300 ## - DESCRIPCION FISICA [R]
Extensión [R] 490 páginas
490 ## - MENCION DE SERIE [R]
Mención de serie [R] Alianza Literaria.
600 #7 - ASIENTO SECUNDARIO DE MATERIA - NOMBRE PERSONAL [R]
Nombre personal [NR] Virgilio Maron, Publio
Fechas asociadas con el nombre [NR] 70-79
Subdivisión de forma [R] Biografías
9 (RLIN) 161674
650 04 - ASIENTO SECUNDARIO DE MATERIA - TERMINO TEMATICO [R]
Término temático o nombre geográfico como elemento de entrada [NR] Literatura austriaca
9 (RLIN) 18609
650 04 - ASIENTO SECUNDARIO DE MATERIA - TERMINO TEMATICO [R]
Término temático o nombre geográfico como elemento de entrada [NR] Novela austriaca
9 (RLIN) 20469
700 1# - ASIENTO SECUNDARIO - NOMBRE PERSONAL [R]
Nombre personal [NR] Gregori, A.
Término de relación [R]
9 (RLIN) 161675
765 10 - ASIENTO DE IDIOMA ORIGINAL [R]
Asiento principal [NR] Des tod des Vergil.
942 ## - ELEMENTOS DE ENTRADA AGREGADOS (KOHA)
Tipo de ítem principal el descrito en 300a Libro
Tema principal Literatura
Edición 1
Parte restante de la signatura top. B863m
Sistema de clasificación DEWEY
Clasificación 833.912
Existencias
Fecha de último préstamo Total préstamos Total Renewals Signatura topográfica Código de barras Última vez visto Ejemplar Price effective from Tipo de ítem Perdido Sistema de clasificación Dañado No prestable Tipo de ítem específico Suprimido Ubicación habitual Ubicación actual Localización Fecha de creación Forma de adquisición Costo
05/08/2019 16 6 833.912 B863m 100070912 09/12/2025 Ej.1 03/02/2013 Libro   DEWEY     Libro   Claustro Claustro 2do piso 28/02/2004 Compra 111100.00